00935cam a22002531 4500001001300000003000400013005001700017008004100034010001700075035002000092040005100112042001200163050002700175100002300202245009600225260004500321300004800366490006900414500005400483650005100537650003600588740004000624999001700664f 33000049 DLC20260227111250.0920605s1928 stkad f000 0 eng c af 33000049  a(OCoLC)25957670 aLibrary, U.S. Bur. of FisheriescCStdDLCdWaU apremarc00aSH259b.A24 1928 no. 11 aBowman, Alexander.10aReview of the cod net fishing in the Moray firthb(with 6 figures)cby Alexander Bowman ... aEdinburgh,bH.M. Stationery Off.,c1928. a26 p. incl. tables, diagrs., chart.c27 cm.0 aScotland. Fishery Board. Scientific investigations,v1928, no. I aAt head of title: ... Fishery Board for Scotland. 0aAtlantic cod fisherieszScotlandzMoray Firth. 0aFishingzScotlandzMoray Firth.0 aCod net fishing in the Moray firth. c23344d23344